[Event "Donostia Spring op 10th"]
[Site "Donostia"]
[Date "2014.06.14"]
[Round "6.5"]
[White "Miguelez Garcia, Erlantz"]
[Black "Torres, Patrice"]
[Result "1-0"]
[WhiteElo "2007"]
[BlackElo "1919"]
[PlyCount "103"]
[EventDate "2014.05.10"]
[EventType "swiss"]
[EventRounds "7"]
[EventCountry "ESP"]
[SourceTitle "EXT 2024"]
[Source "ChessBase"]
[SourceDate "2023.10.10"]
[SourceVersion "1"]
[SourceVersionDate "2023.10.10"]
[SourceQuality "1"]

1. c4 e5 2. Nc3 Nc6 3. g3 f5 4. Bg2 Nf6 5. d3 Bb4 6. e3 Bxc3+ 7. bxc3 0-0 8. Ne2 d6 9. 0-0 Qe8 10. Ba3 f4 11. exf4 Qh5 12. Qd2 Bh3 13. Rab1 Ng4 14. f3 Nh6 15. Rxb7 Bxg2 16. Kxg2 Rf7 17. Qe3 exf4 18. Nxf4 Qa5 19. Qe4 Qa6 20. Rb5 Re7 21. Qd5+ Kh8 22. Rf2 Re5 23. Ra5 Qxa5 24. Qxc6 Rae8 25. Bb4 Qb6 26. Qd7 Nf5 27. Nd5 Ne3+ 28. Nxe3 Rxe3 29. d4 R3e7 30. Qf5 Qc6 31. Qb5 Qa8 32. c5 Qd5 33. Qa6 c6 34. cxd6 Rf7 35. Bc5 g5 36. c4 Qe6 37. Qxc6 g4 38. f4 Rc8 39. Qd5 Qxd5+ 40. cxd5 Rf5 41. h3 h5 42. hxg4 hxg4 43. Kf1 Kg7 44. Rh2 Rh8 45. Rxh8 Kxh8 46. Bxa7 Rxd5 47. Bc5 Kg7 48. a4 Kf7 49. a5 Rh5 50. a6 Rh1+ 51. Ke2 Ra1 52. d7 1-0

[Event "Donostia Spring op 10th"]
[Site "Donostia"]
[Date "2014.05.17"]
[Round "2.9"]
[White "Esnaola Gaston, Fernando"]
[Black "Torres, Patrice"]
[Result "1/2-1/2"]
[WhiteElo "1941"]
[BlackElo "1919"]
[PlyCount "122"]
[EventDate "2014.05.10"]
[EventType "swiss"]
[EventRounds "7"]
[EventCountry "ESP"]
[SourceTitle "EXT 2024"]
[Source "ChessBase"]
[SourceDate "2023.10.10"]
[SourceVersion "1"]
[SourceVersionDate "2023.10.10"]
[SourceQuality "1"]

1. e4 e6 2. d4 d5 3. Nd2 Nf6 4. e5 Nfd7 5. Bd3 c5 6. c3 Nc6 7. Ne2 cxd4 8. cxd4 f6 9. exf6 Nxf6 10. Nf3 Bd6 11. 0-0 0-0 12. Bg5 Qc7 13. Bh4 Nh5 14. Qc2 h6 15. Bh7+ Kh8 16. Bg6 Rxf3 17. Bxh5 Rf8 18. Bg3 Bd7 19. Qd2 Bxg3 20. hxg3 e5 21. dxe5 Qxe5 22. Bf3 Rxf3 23. gxf3 Rd8 24. Nf4 Bf5 25. Rfe1 Qd6 26. Re2 g5 27. Nd3 g4 28. f4 Nd4 29. Qc3 Qf6 30. Kf1 Rc8 31. Qd2 Rc2 32. Re8+ Kg7 33. Qe3 Re2 34. Re7+ Kf8 35. Re8+ Kf7 36. Ne5+ Kxe8 37. Qxd4 Qa6 38. Kg1 Qb6 39. Qxb6 axb6 40. b4 Rb2 41. a3 h5 42. Re1 Be4 43. f3 gxf3 44. Nxf3 Rb3 45. Ng5 Rxg3+ 46. Kf2 Rxa3 47. Nxe4 dxe4 48. Rxe4+ Kf7 49. Re5 h4 50. Rh5 h3 51. Rh7+ Kf6 52. Rxb7 Kf5 53. Rxb6 Kxf4 54. Rb8 Ra2+ 55. Kg1 Ra1+ 56. Kh2 Ra3 57. b5 Ke5 58. Rh8 Kd6 59. Rxh3 Rxh3+ 60. Kxh3 Kc5 61. Kg3 Kxb5 1/2-1/2

[Event "San Sebastian op 36th"]
[Site "San Sebastian"]
[Date "2013.03.29"]
[Round "8"]
[White "Puga Senar, Fernando"]
[Black "Torres, Patrice"]
[Result "1-0"]
[WhiteElo "1793"]
[BlackElo "1975"]
[PlyCount "47"]
[EventDate "2013.03.23"]
[EventType "swiss"]
[EventRounds "9"]
[EventCountry "ESP"]
[SourceTitle "CBM 153 Extra"]
[Source "ChessBase"]
[SourceDate "2013.04.22"]
[SourceVersion "1"]
[SourceVersionDate "2013.04.22"]
[SourceQuality "1"]

1. d4 d5 2. c4 c6 3. Nc3 Nf6 4. cxd5 cxd5 5. Nf3 Nc6 6. Bf4 a6 7. e3 Bg4 8. Bd3 e6 9. h3 Bxf3 10. Qxf3 Be7 11. 0-0 0-0 12. Rac1 Rc8 13. g4 Re8 14. g5 Nd7 15. Qg3 Nf8 16. Kh1 Ng6 17. h4 Nxf4 18. Qxf4 Bd6 19. Qg4 f5 20. Qg2 f4 21. Qg4 Qe7 22. exf4 Rf8 23. Bxh7+ Kh8 24. Bg6 1-0

[Event "San Sebastian op 36th"]
[Site "San Sebastian"]
[Date "2013.03.25"]
[Round "4"]
[White "Picazo Gonzalez, Ana"]
[Black "Torres, Patrice"]
[Result "1-0"]
[WhiteElo "1762"]
[BlackElo "1975"]
[PlyCount "151"]
[EventDate "2013.03.23"]
[EventType "swiss"]
[EventRounds "9"]
[EventCountry "ESP"]
[SourceTitle "CBM 153 Extra"]
[Source "ChessBase"]
[SourceDate "2013.04.22"]
[SourceVersion "1"]
[SourceVersionDate "2013.04.22"]
[SourceQuality "1"]

1. d4 e6 2. Nf3 c5 3. e3 Nf6 4. Bd3 d5 5. b3 Nc6 6. 0-0 Qc7 7. a3 Bd6 8. Bb2 e5 9. dxe5 Nxe5 10. Bb5+ Kf8 11. h3 h5 12. Nbd2 Bg4 13. Be2 Rd8 14. Rc1 Ne4 15. Qe1 Qe7 16. Rd1 Nxd2 17. Nxd2 Bxh3 18. f4 Ng4 19. Qg3 Qxe3+ 20. Qxe3 Nxe3 21. gxh3 Nxf1 22. Rxf1 h4 23. f5 f6 24. Bf3 Be5 25. Bc1 b6 26. b4 Ke7 27. b5 g5 28. fxg6 Rh6 29. Bg4 Rxg6 30. Kf2 Kd6 31. Nf3 Bg3+ 32. Ke2 a6 33. bxa6 Ra8 34. Bh5 Rg7 35. Ne1 Re7+ 36. Kd2 Rxe1 37. Rxe1 Bxe1+ 38. Kxe1 Rxa6 39. Kf2 Ra4 40. Bb2 d4 41. Be2 Ra8 42. Kf3 Re8 43. Bc1 Kd5 44. Bd2 c4 45. Bf1 c3 46. Bh6 Ra8 47. Bc1 Rg8 48. Bf4 Rg1 49. Kf2 Rg7 50. Bd3 Ra7 51. Bc1 Kc5 52. Kf3 b5 53. Kf2 b4 54. axb4+ Kxb4 55. Bf4 Ka3 56. Kf3 Kb2 57. Ke4 Ra4 58. Bd6 Kb1 59. Bc5 f5+ 60. Ke5 Kc1 61. Bxd4 f4 62. Bxc3 f3 63. Bd4 Kd2 64. Bf2 Rb4 65. Kf5 Ra4 66. Kg5 Ra8 67. Kxh4 Rg8 68. Kh5 Rg2 69. Bd4 Ke1 70. h4 f2 71. Bxf2+ Kxf2 72. Kh6 Ke3 73. h5 Kd4 74. Bg6 Kc5 75. Kg7 Rd2 76. h6 1-0

[Event "Euskadi-chT Div 1"]
[Site "Bergara"]
[Date "2013.02.23"]
[Round "7.2"]
[White "Alvarez Ponga, Hugo"]
[Black "Torres, Patrice"]
[Result "1/2-1/2"]
[WhiteElo "2099"]
[BlackElo "1969"]
[PlyCount "67"]
[EventDate "2013.01.12"]
[EventType "team-tourn"]
[EventRounds "9"]
[EventCountry "ESP"]
[SourceTitle "EXT 2015"]
[Source "ChessBase"]
[SourceDate "2014.11.20"]
[SourceVersion "1"]
[SourceVersionDate "2014.11.20"]
[SourceQuality "1"]

1. d4 d5 2. Bg5 h6 3. Bh4 Nf6 4. Bxf6 exf6 5. e3 c6 6. c4 dxc4 7. Bxc4 Bd6 8. Nc3 0-0 9. Qc2 f5 10. Nf3 Nd7 11. Bd3 g6 12. h4 Nf6 13. h5 Nxh5 14. 0-0-0 Kh7 15. g4 fxg4 16. Ne5 Bxe5 17. dxe5 Qg5 18. f4 gxf3 19. Rdg1 Qxe3+ 20. Kb1 Nf4 21. Be4 f2 22. Rf1 Nh3 23. Nd1 Qf4 24. Nxf2 Nxf2 25. Rxf2 Qxe5 26. Rfh2 Bf5 27. Rxh6+ Kg7 28. Rh7+ Kf6 29. Rf1 Rh8 30. Bxf5 gxf5 31. Rxf5+ Qxf5 32. Rxf7+ Kxf7 33. Qxf5+ Ke7 34. Qe5+ 1/2-1/2

[Event "San Sebastian Gros op 21st"]
[Site "San Sebastian"]
[Date "2011.09.17"]
[Round "9"]
[White "Torres, Patrice"]
[Black "Abalia Patino, Aritz"]
[Result "1-0"]
[WhiteElo "1964"]
[BlackElo "1555"]
[PlyCount "57"]
[EventDate "2011.09.09"]
[EventType "swiss"]
[EventRounds "9"]
[EventCountry "ESP"]
[SourceTitle "CBM 144 Extra"]
[Source "ChessBase"]
[SourceDate "2011.10.28"]
[SourceVersion "1"]
[SourceVersionDate "2011.10.28"]
[SourceQuality "1"]

1. d4 Nf6 2. c4 g6 3. Nc3 Bg7 4. e4 d6 5. Nf3 0-0 6. Be2 Nbd7 7. 0-0 e5 8. d5 Nc5 9. Qc2 a5 10. Be3 b6 11. a3 Bd7 12. b4 axb4 13. axb4 Nb7 14. Nb5 c5 15. dxc6 Bxc6 16. Bd3 Ng4 17. Rxa8 Qxa8 18. Bxb6 Qa6 19. Bc7 f5 20. Nc3 fxe4 21. Nxe4 Qa3 22. b5 Bd7 23. Qc3 Qxc3 24. Nxc3 Rc8 25. b6 Nc5 26. Be4 Nf6 27. Bd5+ Be6 28. Bxe6+ Nxe6 29. b7 1-0

[Event "San Sebastian Gros op 21st"]
[Site "San Sebastian"]
[Date "2011.09.11"]
[Round "3"]
[White "Torres, Patrice"]
[Black "Franco Alonso, Alejandro"]
[Result "0-1"]
[WhiteElo "1964"]
[BlackElo "2469"]
[PlyCount "52"]
[EventDate "2011.09.09"]
[EventType "swiss"]
[EventRounds "9"]
[EventCountry "ESP"]
[SourceTitle "CBM 144 Extra"]
[Source "ChessBase"]
[SourceDate "2011.10.28"]
[SourceVersion "1"]
[SourceVersionDate "2011.10.28"]
[SourceQuality "1"]

1. d4 Nf6 2. c4 e6 3. Nf3 b6 4. a3 Ba6 5. Qc2 Bb7 6. Nc3 c5 7. e4 cxd4 8. Nxd4 Bc5 9. Nb3 Nc6 10. Nxc5 bxc5 11. Bf4 d6 12. Be2 Nd4 13. Qd3 e5 14. Be3 0-0 15. Nd5 Bxd5 16. exd5 Rb8 17. Bxd4 exd4 18. b4 cxb4 19. axb4 Rxb4 20. 0-0 Qb6 21. Rfb1 a5 22. Rxb4 axb4 23. Rd1 Re8 24. Kf1 Ne4 25. Qxd4 Qxd4 26. Rxd4 b3 0-1

[Event "Chateauroux op"]
[Site "Chateauroux"]
[Date "2009.10.30"]
[Round "5"]
[White "Torres, Patrice"]
[Black "Javet, Blaise"]
[Result "1/2-1/2"]
[WhiteElo "2002"]
[BlackElo "2064"]
[PlyCount "136"]
[EventDate "2009.10.28"]
[EventType "swiss"]
[EventRounds "7"]
[EventCountry "FRA"]
[SourceTitle "EXT 2011"]
[Source "ChessBase"]
[SourceDate "2010.11.26"]
[SourceVersion "1"]
[SourceVersionDate "2010.11.26"]
[SourceQuality "1"]

1. d4 Nf6 2. c4 g6 3. Nc3 Bg7 4. e4 d6 5. Nf3 0-0 6. h3 Nbd7 7. Be3 c6 8. Bd3 Qa5 9. 0-0 a6 10. a3 b5 11. b4 Qc7 12. cxb5 axb5 13. Qb3 Ba6 14. Rfc1 Qb8 15. Ne2 Nb6 16. Rxc6 Nc4 17. Rxa6 Rxa6 18. Bxc4 bxc4 19. Qxc4 Qa8 20. e5 Nd5 21. Bc1 dxe5 22. Nxe5 e6 23. Bb2 Rc8 24. Qb3 Bf8 25. Rc1 Rxc1+ 26. Bxc1 Ra7 27. Nc3 Rc7 28. Bd2 Nxc3 29. Bxc3 Qd5 30. Qb2 f6 31. Ng4 Kf7 32. Ne3 Qc6 33. Bd2 Bd6 34. Qb3 Kg7 35. b5 Qe4 36. b6 Rb7 37. Bc3 Bb8 38. a4 Qc6 39. a5 h5 40. Qc4 Qe4 41. Qc8 Bf4 42. d5 Re7 43. b7 Qb1+ 44. Nf1 Qxb7 45. Qxb7 Rxb7 46. dxe6 Bb8 47. g3 Re7 48. g4 hxg4 49. hxg4 Rxe6 50. g5 Be5 51. gxf6+ Bxf6 52. Bxf6+ Rxf6 53. Kg2 Rf5 54. Ng3 Rxa5 55. Nf1 Ra4 56. Ng3 Kf6 57. Nf1 Ke5 58. Ng3 Kd4 59. Kf3 Ra2 60. Ne2+ Ke5 61. Ng3 Rb2 62. Ne2 g5 63. Ng3 Ra2 64. Kg2 g4 65. Nf1 Kd4 66. Ne3 Rxf2+ 67. Kxf2 g3+ 68. Kxg3 Kxe3 1/2-1/2

[Event "Groseko Udaberriko Txapelke"]
[Site "Donostia"]
[Date "2009.06.20"]
[Round "7.7"]
[White "Izagirre Alsua, Aritz"]
[Black "Torres, Patrice"]
[Result "0-1"]
[WhiteElo "1809"]
[BlackElo "2011"]
[PlyCount "74"]
[EventDate "2009.05.09"]
[EventType "swiss"]
[EventRounds "7"]
[EventCountry "ESP"]
[SourceTitle "EXT 2024"]
[Source "ChessBase"]
[SourceDate "2023.10.10"]
[SourceVersion "1"]
[SourceVersionDate "2023.10.10"]
[SourceQuality "1"]

1. e4 e6 2. Nc3 d5 3. d3 Nf6 4. Qe2 d4 5. Nb1 e5 6. h3 Bd6 7. g3 c5 8. Bg2 Nc6 9. Qd1 Be6 10. Nf3 h6 11. 0-0 Qd7 12. Kh2 g5 13. Ng1 0-0-0 14. Ne2 Ne7 15. c3 Ng6 16. Rh1 Qe7 17. c4 Rdg8 18. Kg1 Rh7 19. Na3 Rhg7 20. Nc2 Qd7 21. a3 Nf4 22. Bxf4 gxf4 23. b4 h5 24. bxc5 Bxc5 25. Nb4 h4 26. Nd5 Ne8 27. Kf1 hxg3 28. fxg3 fxg3 29. Qb3 Rh8 30. Qb5 Qxb5 31. cxb5 f5 32. Rc1 b6 33. Ng1 fxe4 34. dxe4 Rf8+ 35. Nf3 Bxd5 36. exd5 e4 37. Ke2 exf3+ 0-1

[Event "San Sebastian op 32nd"]
[Site "San Sebastian"]
[Date "2009.04.06"]
[Round "3"]
[White "Torres, Patrice"]
[Black "Ivanov, Jordan"]
[Result "1/2-1/2"]
[WhiteElo "2011"]
[BlackElo "2435"]
[PlyCount "97"]
[EventDate "2009.04.04"]
[EventType "swiss"]
[EventRounds "9"]
[EventCountry "ESP"]
[SourceTitle "CBM 129 Extra"]
[Source "ChessBase"]
[SourceDate "2009.05.05"]
[SourceVersion "2"]
[SourceVersionDate "2009.05.20"]
[SourceQuality "1"]

1. d4 Nf6 2. c4 d6 3. Nc3 Bf5 4. f3 e5 5. d5 Na6 6. e4 Bd7 7. Be3 Be7 8. Bd3 Nh5 9. Qd2 h6 10. Nge2 Bg5 11. 0-0-0 Bxe3 12. Qxe3 Qg5 13. Qxg5 hxg5 14. g4 Nf4 15. Nxf4 exf4 16. Ne2 Ke7 17. h4 Kf6 18. hxg5+ Kxg5 19. Rh5+ Rxh5 20. gxh5 Kxh5 21. Rg1 g5 22. e5 Bh3 23. exd6 Nc5 24. Bc2 cxd6 25. Rh1 g4 26. Nxf4+ Kg5 27. Nxh3+ gxh3 28. Rxh3 Kf4 29. Rh6 Rg8 30. b4 Nd7 31. Rxd6 Ne5 32. Rf6+ Ke3 33. c5 Kd4 34. Kb2 a5 35. c6 bxc6 36. dxc6 axb4 37. Kb3 Kc5 38. c7 Rc8 39. f4 Nc6 40. Rxf7 Nd4+ 41. Kb2 Kd6 42. Kc1 Ke6 43. Rh7 Ne2+ 44. Kb2 Nxf4 45. Kb3 Kd6 46. Bf5 Rxc7 47. Rxc7 Kxc7 48. Kxb4 Kb6 49. Be4 1/2-1/2

[Event "San Sebastian op 30th"]
[Site "San Sebastian"]
[Date "2007.04.04"]
[Round "4"]
[White "Torres, Patrice"]
[Black "Santos Latasa, Jaime"]
[Result "1-0"]
[WhiteElo "2048"]
[BlackElo "1844"]
[PlyCount "127"]
[EventDate "2007.04.01"]
[EventType "swiss"]
[EventRounds "9"]
[EventCountry "ESP"]
[SourceTitle "CBM 117 Extra"]
[Source "ChessBase"]
[SourceDate "2007.05.09"]
[SourceVersion "1"]
[SourceVersionDate "2007.05.09"]
[SourceQuality "1"]

1. d4 d5 2. c4 c6 3. Nf3 e6 4. cxd5 exd5 5. g3 Bd6 6. Bg2 Bf5 7. Nc3 Nf6 8. 0-0 0-0 9. Nh4 Be6 10. Bg5 Nbd7 11. Qc2 h6 12. Bd2 Qb6 13. Qd3 Qxb2 14. Rfb1 Qa3 15. Rxb7 Nb6 16. Rb1 Bc8 17. Rb3 Qa5 18. Nb5 Qa6 19. Rxb6 axb6 20. Nxd6 Qxd3 21. Rxd3 Ba6 22. Re3 g6 23. Re7 Kg7 24. a3 c5 25. dxc5 bxc5 26. Bc3 Rad8 27. Be5 g5 28. Ndf5+ Kh7 29. Bxf6 gxh4 30. Nxh4 Rd6 31. Be5 Re6 32. Nf5 Kg6 33. Bxd5 Kxf5 34. Bxe6+ fxe6 35. Bg7 Ra8 36. f3 Bxe2 37. Kf2 Bd3 38. g4+ Kg6 39. Bb2 Rg8 40. Rxe6+ Kf7 41. Rxh6 Rb8 42. Be5 Ra8 43. Rc6 c4 44. Bd6 Ke6 45. Bb4+ Ke5 46. Ke3 Rh8 47. Bc3+ Kd5 48. Bxh8 Kxc6 49. f4 Kd5 50. Bc3 Ke6 51. f5+ Kf7 52. Kf4 Be2 53. h4 Kg8 54. g5 Bh5 55. g6 Kf8 56. Kg5 Bf3 57. h5 Kg8 58. h6 Bd5 59. h7+ Kf8 60. Kf6 Ke8 61. Ke5 Bf3 62. Kd6 Bd5 63. h8Q+ Bg8 64. Qxg8# 1-0

[Event "Mont de Marsan op 6th"]
[Site "Mont de Marsan"]
[Date "2006.12.30"]
[Round "9"]
[White "Torres, Patrice"]
[Black "Lalondrelle, Pierre"]
[Result "1-0"]
[WhiteElo "2040"]
[BlackElo "1810"]
[PlyCount "123"]
[EventDate "2006.12.26"]
[EventType "swiss"]
[EventRounds "9"]
[EventCountry "FRA"]
[SourceTitle "CBM 116 Extra"]
[Source "ChessBase"]
[SourceDate "2007.03.07"]
[SourceVersion "1"]
[SourceVersionDate "2007.03.07"]
[SourceQuality "1"]

1. d4 Nf6 2. c4 g6 3. Nc3 Bg7 4. e4 d6 5. Nf3 0-0 6. Be2 Re8 7. 0-0 Bg4 8. Be3 c6 9. Qb3 Qc7 10. e5 Bxf3 11. Bxf3 dxe5 12. dxe5 Nfd7 13. e6 fxe6 14. c5 Nf8 15. Bg4 Nbd7 16. Bxe6+ Nxe6 17. Qxe6+ Kh8 18. Rad1 Rad8 19. Ne4 Bf6 20. Bd4 Bxd4 21. Rxd4 Nxc5 22. Qc4 Nxe4 23. Rxd8 Qxd8 24. Qxe4 Qd5 25. Qa4 Qc5 26. Qf4 e5 27. Qf7 Qe7 28. Qc4 Qe6 29. Qa4 a6 30. Re1 g5 31. g3 h5 32. b3 Re7 33. Qe4 Kg7 34. Rd1 Qg6 35. Qb4 Qf7 36. Qd6 h4 37. Qd8 h3 38. Rd3 e4 39. Re3 Qf6 40. f3 Kf7 41. Qd1 Qg6 42. fxe4 g4 43. Qd4 Qf6 44. e5 Qf5 45. Re1 Qc2 46. e6+ Rxe6 47. Qf4+ Rf6 48. Qc4+ Qxc4 49. bxc4 Rf3 50. Rb1 b5 51. cxb5 cxb5 52. a4 bxa4 53. Ra1 Rf6 54. Rxa4 Rg6 55. Kf2 Ke7 56. Ke3 Re6+ 57. Kf4 Rg6 58. Kf5 Rg7 59. Rxa6 Kf7 60. Ra7+ Kg8 61. Rxg7+ Kxg7 62. Kxg4 1-0

[Event "Mont de Marsan op 6th"]
[Site "Mont de Marsan"]
[Date "2006.12.29"]
[Round "8"]
[White "Simon, Lionel"]
[Black "Torres, Patrice"]
[Result "0-1"]
[WhiteElo "1730"]
[BlackElo "2040"]
[PlyCount "64"]
[EventDate "2006.12.26"]
[EventType "swiss"]
[EventRounds "9"]
[EventCountry "FRA"]
[SourceTitle "CBM 116 Extra"]
[Source "ChessBase"]
[SourceDate "2007.03.07"]
[SourceVersion "1"]
[SourceVersionDate "2007.03.07"]
[SourceQuality "1"]

1. e4 e6 2. Nf3 d5 3. exd5 exd5 4. d4 Nf6 5. Be2 Be7 6. 0-0 0-0 7. c3 c6 8. Nbd2 Bg4 9. Ne5 Bxe2 10. Qxe2 Nbd7 11. f4 Re8 12. Ndf3 Ne4 13. Be3 f6 14. Ng4 Bd6 15. Qc2 Nb6 16. Rae1 Nc4 17. Nd2 Nexd2 18. Bxd2 Qd7 19. f5 Rxe1 20. Bxe1 h5 21. b3 Na3 22. Nxf6+ gxf6 23. Qe2 Qf7 24. Qd3 Re8 25. Bd2 Qc7 26. Qh3 Re2 27. Re1 Rxd2 28. Re8+ Bf8 29. Qxh5 Qg7 30. Qf3 Rxa2 31. g3 Qh6 32. Qd1 Qxh2+ 0-1

[Event "Mont de Marsan op 6th"]
[Site "Mont de Marsan"]
[Date "2006.12.29"]
[Round "7"]
[White "Torres, Patrice"]
[Black "Eymard, Nicolas"]
[Result "1-0"]
[WhiteElo "2040"]
[BlackElo "1470"]
[PlyCount "61"]
[EventDate "2006.12.26"]
[EventType "swiss"]
[EventRounds "9"]
[EventCountry "FRA"]
[SourceTitle "CBM 116 Extra"]
[Source "ChessBase"]
[SourceDate "2007.03.07"]
[SourceVersion "1"]
[SourceVersionDate "2007.03.07"]
[SourceQuality "1"]

1. d4 d5 2. c4 c6 3. Nf3 Nf6 4. Nc3 e6 5. Bg5 Nbd7 6. e3 Bd6 7. cxd5 exd5 8. Bd3 0-0 9. Qc2 Qc7 10. 0-0-0 b5 11. Kb1 Bb7 12. e4 dxe4 13. Nxe4 Nxe4 14. Bxe4 h6 15. h4 Rfe8 16. Bh7+ Kh8 17. g4 c5 18. d5 Ne5 19. Be4 Nxg4 20. Bf5 Ne5 21. Qe4 Nxf3 22. Qxf3 Re5 23. Rdg1 Bxd5 24. Bf6 Re1+ 25. Kc2 Bxf3 26. Rxg7 Be4+ 27. Bxe4 Rxe4 28. Rhg1 Re2+ 29. Kd1 Rd2+ 30. Kxd2 Bf4+ 31. Kc2 1-0

[Event "Mont de Marsan op 6th"]
[Site "Mont de Marsan"]
[Date "2006.12.28"]
[Round "6"]
[White "Darrigues, Alain"]
[Black "Torres, Patrice"]
[Result "1-0"]
[WhiteElo "1989"]
[BlackElo "2040"]
[PlyCount "93"]
[EventDate "2006.12.26"]
[EventType "swiss"]
[EventRounds "9"]
[EventCountry "FRA"]
[SourceTitle "CBM 116 Extra"]
[Source "ChessBase"]
[SourceDate "2007.03.07"]
[SourceVersion "1"]
[SourceVersionDate "2007.03.07"]
[SourceQuality "1"]

1. d4 d5 2. c4 c6 3. Nf3 Nf6 4. Nc3 e6 5. e3 Nbd7 6. Bd3 dxc4 7. Bxc4 b5 8. Bd3 Bb7 9. 0-0 b4 10. Na4 c5 11. dxc5 Qa5 12. Nd4 Bxc5 13. Nxc5 Nxc5 14. Bb5+ Ncd7 15. Bd2 a6 16. Bc6 Qb6 17. Rc1 0-0 18. Qa4 Rfd8 19. Bxb4 Ne5 20. Ba5 Rxd4 21. exd4 Bxc6 22. Bxb6 Bxa4 23. dxe5 Nd5 24. Bc7 Bb5 25. Rfd1 Nf4 26. Rc5 h5 27. g3 Nh3+ 28. Kg2 Ng5 29. f3 Be2 30. Rd8+ Rxd8 31. Bxd8 Bxf3+ 32. Kf1 Ne4 33. Rc8 Nd2+ 34. Kf2 Bb7 35. Rb8 Ne4+ 36. Ke3 Bd5 37. Be7+ Kh7 38. a3 f6 39. exf6 gxf6 40. Rb6 Kg6 41. Rxa6 Kf5 42. Ra4 Ke5 43. Rb4 h4 44. gxh4 f5 45. Bg5 Nxg5 46. hxg5 f4+ 47. Rxf4 1-0

[Event "Mont de Marsan op 6th"]
[Site "Mont de Marsan"]
[Date "2006.12.26"]
[Round "1"]
[White "Torres, Patrice"]
[Black "Velten, Paul"]
[Result "0-1"]
[WhiteElo "2040"]
[BlackElo "1936"]
[PlyCount "60"]
[EventDate "2006.12.26"]
[EventType "swiss"]
[EventRounds "9"]
[EventCountry "FRA"]
[SourceTitle "CBM 116 Extra"]
[Source "ChessBase"]
[SourceDate "2007.03.07"]
[SourceVersion "1"]
[SourceVersionDate "2007.03.07"]
[SourceQuality "1"]

1. d4 d5 2. c4 c6 3. Nf3 Nf6 4. Nc3 e6 5. e3 Bd6 6. Bd3 Nbd7 7. 0-0 0-0 8. e4 dxe4 9. Nxe4 Nxe4 10. Bxe4 h6 11. Re1 Qf6 12. Bd2 e5 13. Bc3 Re8 14. Qd2 c5 15. dxe5 Nxe5 16. Nxe5 Bxe5 17. Bd5 Bf5 18. Bxe5 Rxe5 19. Rxe5 Qxe5 20. Re1 Qd4 21. Qxd4 cxd4 22. Bxb7 Rb8 23. Re7 Kf8 24. Rc7 Re8 25. g4 Bxg4 26. f3 Bh3 27. Kf2 d3 28. Rc5 Re2+ 29. Kg3 Be6 30. Be4 Rxe4 0-1